000 00522nam a2200169 i 4500
001 71032
003 ES-MaACL
005 20230906171010.0
007 t|
008 040805s1928 fr ||||1| fre d
100 1 _aGaschet, Robert.
_955839
245 1 4 _aLes aventures d'un ecribain, Paul-Louis Courier
_b: (1772-1825) /
_cRobert Gaschet.
260 _aParis :
_bPayot,
_c1928 (
_eVannes :
_fImp. Lafolye)
300 _a251 p. ;
_c23 cm.
600 1 4 _aCourier, Paul-Louis (
_d1772-1825)
_941272
852 _aES-MaACL
_jA-2657
999 _c71032
_d71032